Premier League Stadiums 24/25 - Statistics

General Stats
  • This quiz has been taken 634 times
  • The average score is 15 of 20
Answer Stats
Hint Answer % Correct
Arsenal The Emirates
97%
Man United Old Trafford
95%
Liverpool Anfield
94%
Chelsea Stamford Bridge
94%
Man City The Etihad
92%
Aston Villa Villa Park
88%
Tottenham Tottenham Hotspur Stadium
82%
Newcastle St James Park
79%
Everton Goodison Park
78%
Fulham Craven Cottage
77%
West Ham London Stadium
76%
Brighton American Express Stadium
73%
Leicester King Power Stadium
72%
Crystal Palace Selhurst Park
65%
Wolves Molineux
62%
Bournemouth Vitality Stadium
61%
Brentford Gtech Community Stadium
56%
Southampton St Mary's Stadium
54%
Nottingham Forest City Ground
50%
Ipswich Portman Road
34%
No matching quizzes found
Score Distribution
Percent of People with Each Score
Percentile by Number Answered
Your Score History
You have not taken this quiz